Science Quiz

Random Science or Math Quiz

What's the Average of...? Quiz Stats

 Plays Quiz Updated Jan 27, 2015

Score 0/20 Timer 03:00
1 Play Today
Group of Numbers Average % Correct
1 | 5?3
99.8%
11 | 3?7
98.3%
4 | 68?36
94.5%
32 | 54?43
93.3%
87 | 25 ?56
89.5%
7 | 7 | 1?5
86.2%
9 | 22 | 5?12
83.7%
10 | 30 | 14?18
81.6%
22 | 12 | 44?26
77%
5 | 1 | 5 | 9?5
75.7%
Group of Numbers Average % Correct
12 | 7 | 37 | 4?15
70.4%
76 | 13 | 34?41
70.3%
23 | 18 | 37 | 22?25
64.7%
9 | 13 | 6 | 1 | 1 ?6
51.9%
39 | 42 | 52 | 63?49
51.5%
82 | 42 | 32 | 92?62
43.3%
12 | 23 | 5 | 35 | 10?17
42.9%
28 | 14 | 27 | 6 | 50?25
34.4%
37 | 42 | 11 | 27 | 38?31
25%
44 | 77 | 22 | 99 | 33?55
19%

You're not logged in!

Compare scores with friends on all Sporcle quizzes.
OR
Log In

Sporcle TV

Today on Sporcle TV


Watch our educational content, quiz creation guides, and fun videos on Sporcle TV.

Show Comments

Extras

Top Quizzes Today


Score Distribution

Your Account Isn't Verified!

In order to create a playlist on Sporcle, you need to verify the email address you used during registration. Go to your Sporcle Settings to finish the process.

Report this User

Report this user for behavior that violates our Community Guidelines.

Details: